Top 10 NBA Players By Division - Southeast - Statistics

General Stats
  • This quiz has been taken 48 times
  • The average score is 8 of 10
Answer Stats
# Answer % Correct
1 Jimmy Butler
100%
5 LaMelo Ball
98%
3 Trae Young
98%
4 Bam Adebayo
95%
2 Paolo Banchero
95%
6 Franz Wagner
90%
7 Tyler Herro
90%
8 Kyle Kuzma
76%
9 Jalen Suggs
41%
10 Jonas Valanciunas
22%
No matching quizzes found
Score Distribution
Percent of People with Each Score
Percentile by Number Answered
Your Score History
You have not taken this quiz